| 000 | 00408pab a2200157 454500 | ||
|---|---|---|---|
| 008 | 180718b2012 xxu||||| |||| 00| 0 eng d | ||
| 100 | _aLo, Andrew W. | ||
| 245 | _aReading about the financial crisis: A twenty - one - book review | ||
| 260 | _c2012 | ||
| 300 | _ap.151-178. | ||
| 362 | _aMar | ||
| 650 | _aEconomic recession | ||
| 773 | _aJournal of Economic Literature | ||
| 908 | _aN | ||
| 909 | _a96596 | ||
| 999 |
_c96596 _d96596 |
||